000
00298nam a22001337a 4500
008
170629b xxu||||| |||| 00| 0 eng d
020
_a
9780801898945
041
_a
eng
080
_a
32
100
_a
22
101
_a
SHP
245
_a
EXPLAINGING FOREIGN POLICY
_c
YETIV.S.A
942
_2
udc
_c
BK
999
_c
19641
_d
19641